[Event "Polfinal Mistrzostw Polski Kobiet"]
[Site "Karpacz"]
[Date "1899-12-30"]
[Round "1.1"]
[White "Dmochowska, Agnieszka"]
[Black "Kulon, Klaudia"]
[Result "0-1"]
[WhiteTitle "WFM"]
[BlackTitle "IM"]
[WhiteElo "2039"]
[BlackElo "2321"]

1. e4 e5 2. Nf3 Nc6 3. Bb5 a6 4. Bxc6 dxc6 5. O-O Bg4 6. h3 h5 7. d3 Qf6 8. Nbd2
g5 9. Nc4 Qg7 10. Ncxe5 Be6 11. d4 Be7 12. d5 cxd5 13. exd5 O-O-O 14. Qd4 Rxd5
15. Qa7 Rxe5 16. Nxe5 Qxe5 17. Be3 c5 18. Rae1 Qb8 19. Qxb8+ Kxb8 20. f4 gxf4
21. Rxf4 Nf6 22. c4 Rg8 23. Kf1 Nd7 24. Re4 Kc8 25. b3 Bd6 26. Bf2 Kc7 27. Rd1
b5 28. Rh4 bxc4 29. bxc4 Ne5 30. Rxh5 Bxc4+ 31. Kg1 Be2 32. Rxd6 Kxd6 33. Bxc5+
Kd5 0-1

[Event "Polfinal Mistrzostw Polski Kobiet"]
[Site "Karpacz"]
[Date "1899-12-30"]
[Round "1.2"]
[White "Sliwicka, Alicja"]
[Black "Zabrzanska, Weronika"]
[Result "1/2-1/2"]
[WhiteTitle "WIM"]
[BlackTitle "WFM"]
[WhiteElo "2306"]
[BlackElo "1976"]

1. e4 e5 2. Nf3 Nc6 3. Bb5 a6 4. Ba4 Nf6 5. d3 b5 6. Bb3 Bc5 7. Nc3 d6 8. Nd5 h6
9. c3 Rb8 10. O-O O-O 11. d4 Ba7 12. Be3 exd4 13. cxd4 Nxd5 14. Bxd5 Ne7 15. Bb3
Bb7 16. Qc2 c5 17. a4 c4 18. Ba2 Bb6 19. b3 d5 20. e5 Bc8 21. Nh4 f5 22. f4 Nc6
23. Qf2 Nb4 24. Bb1 Be6 25. Ng6 Rf7 26. h4 Nc6 27. g4 Ne7 28. h5 Nxg6 29. hxg6
Rf8 30. Qh2 cxb3 31. axb5 a5 32. Qh5 Qc7 33. Bd3 Qc3 34. Rad1 b2 35. Bf2 fxg4
36. f5 g3 37. Bxg3 b1=Q 38. Bxb1 Qxg3+ 39. Kh1 Bd7 40. Rf3 Qg5 41. Qxg5 hxg5 42.
Ba2 Rxf5 43. Bxd5+ Kf8 44. Rxf5+ Bxf5 45. Rf1 Ke7 46. Rxf5 Rf8 47. Rf7+ Rxf7 48.
gxf7 Bxd4 49. e6 g4 50. Kg2 Be5 51. Bb3 Bd6 52. b6 a4 53. Bxa4 Kxe6 54. Bb3+ Ke7
55. b7 g3 56. Be6 Bb8 57. Kf1 Bc7 58. Bd5 Bb8 59. Ke2 Bc7 60. Kf3 1/2-1/2

[Event "Polfinal Mistrzostw Polski Kobiet"]
[Site "Karpacz"]
[Date "1899-12-30"]
[Round "1.3"]
[White "Salamon, Julia"]
[Black "Kubicka, Anna"]
[Result "0-1"]
[WhiteTitle "k"]
[BlackTitle "WIM"]
[WhiteElo "1907"]
[BlackElo "2284"]

1. d4 Nf6 2. c4 c5 3. d5 b5 4. cxb5 a6 5. bxa6 Bxa6 6. Nc3 g6 7. Nf3 Bg7 8. e4
Bxf1 9. Kxf1 d6 10. g3 O-O 11. Kg2 Nbd7 12. Qe2 Qa5 13. Bf4 Rfb8 14. Rhb1 Qa6
15. Qc2 Ng4 16. Bg5 h6 17. Bd2 Nge5 18. Ne1 Nc4 19. a4 Nxd2 20. Qxd2 Qc4 21. Qd3
Qxd3 22. Nxd3 c4 23. Nc1 Nc5 24. f3 Rb4 25. N1a2 Rb7 26. Nc1 f5 27. exf5 gxf5
28. Ra3 Rab8 29. a5 Rxb2+ 30. Rxb2 Rxb2+ 31. Kh3 Rc2 32. N1e2 Na6 33. Ra2 Rxc3
34. Nxc3 Bxc3 35. Rc2 Bxa5 36. Rxc4 Bd2 37. f4 Nc5 38. Rc2 Bb4 39. g4 fxg4+ 40.
Kxg4 Nd7 41. Kf5 Kf7 42. Rc4 Bc5 43. Rc3 Bd4 44. Rd3 Bg7 45. Rd1 Nf6 46. Rd3 Nxd5
47. Ke4 Nb4 48. Rb3 d5+ 49. Ke3 Nc2+ 50. Kd3 Nd4 51. Rb6 Ne6 52. f5 Nd4 53. Ra6
Nxf5 54. Ra5 e6 55. Ra2 Be5 56. h3 Kf6 57. Rg2 Bf4 58. Rg4 e5 59. Kd4 0-1

[Event "Polfinal Mistrzostw Polski Kobiet"]
[Site "Karpacz"]
[Date "1899-12-30"]
[Round "1.4"]
[White "Waszczuk, Patrycja"]
[Black "Smietanska, Wiktoria"]
[Result "1-0"]
[WhiteTitle "WFM"]
[BlackTitle "CM"]
[WhiteElo "2180"]
[BlackElo "1901"]

1. Nf3 c5 2. b3 Nc6 3. Bb2 d5 4. e3 Qc7 5. Bb5 Bd7 6. O-O a6 7. Bxc6 Bxc6 8. Ne5
Nf6 9. Qf3 Rd8 10. d4 g6 11. dxc5 Bg7 12. Bd4 O-O 13. Nc3 Nh5 14. Nxc6 Qxc6 15.
Bxg7 Nxg7 16. Rfd1 e6 17. Na4 Nf5 18. Rd2 h5 19. Rad1 Rb8 20. h3 Rfe8 21. c3 Nh4
22. Qf4 Nf5 23. Qb4 Ne7 24. c4 Rbc8 25. Nb6 Rcd8 26. e4 d4 27. Rxd4 Rxd4 28. Rxd4
e5 29. Rd1 Qxe4 30. Nd7 Kg7 31. Re1 Nc6 32. Rxe4 Nxb4 33. a3 Nc6 34. Nb6 f5 35.
Re3 Nd4 36. b4 e4 37. Nd5 Kf7 38. h4 Rc8 39. f3 exf3 40. Rd3 Ne2+ 41. Kf2 fxg2
42. Kxg2 Re8 43. Kf2 Re4 44. Nb6 Nd4 45. Nc8 Rxh4 46. Nd6+ Ke6 47. Nxb7 Rf4+ 48.
Ke3 Re4+ 49. Kd2 Ke5 50. Nd8 f4 51. Nf7+ Kf6 52. Nd6 Re2+ 53. Kd1 f3 54. Rxd4
Ke5 55. Rd2 Rg2 56. Ke1 Rg3 57. Rd5+ Kf4 58. Rd4+ Ke3 59. Re4+ Kd3 60. Kf2 Rh3
61. c6 g5 62. c7 g4 63. c8=Q Rh2+ 64. Kg1 f2+ 65. Kf1 g3 66. Rf4 Rh1+ 67. Kg2
Rg1+ 68. Kh3 g2 69. Qf5+ 1-0

[Event "Polfinal Mistrzostw Polski Kobiet"]
[Site "Karpacz"]
[Date "1899-12-30"]
[Round "1.5"]
[White "Matskevich, Varvara"]
[Black "Jarocka, Liwia"]
[Result "1/2-1/2"]
[WhiteTitle "I++"]
[BlackTitle "FM"]
[WhiteElo "1864"]
[BlackElo "2169"]

1. f4 d5 2. Nf3 g6 3. d3 Nf6 4. g3 Bg7 5. Bg2 c5 6. O-O Nc6 7. Nc3 d4 8. Na4 Qd6
9. c4 O-O 10. a3 Bg4 11. Nd2 Rad8 12. h3 Bd7 13. g4 b6 14. b4 cxb4 15. axb4 Nxb4
16. Ba3 a5 17. Rb1 Rfe8 18. Bxb4 axb4 19. Qb3 e5 20. Qxb4 Bxa4 21. Qxa4 exf4 22.
Bf3 Qe6 23. Kg2 h5 24. gxh5 Nxh5 25. Qb5 Ng3 26. Rf2 Nf5 27. Qxb6 Nh4+ 28. Kg1
Qxh3 29. Rh2 Qg3+ 30. Kh1 Qg5 31. Rg1 Qe7 32. Be4 Rb8 33. Qa5 Be5 34. Rg4 f3 35.
Rhxh4 fxe2 36. Nf3 Rb1+ 37. Rg1 Rxg1+ 38. Kxg1 Bg3 39. Rg4 Qd6 40. Kg2 e1=R 41.
Nxe1 Bxe1 42. Qxe1 f5 43. Rh4 fxe4 44. Rxe4 Qc6 45. Kf3 Rf8+ 46. Kg3 Qd6+ 1/2-1/2

[Event "Polfinal Mistrzostw Polski Kobiet"]
[Site "Karpacz"]
[Date "1899-12-30"]
[Round "1.6"]
[White "Siekanska, Maria"]
[Black "Stochnialek, Dominika"]
[Result "1-0"]
[WhiteTitle "WFM"]
[BlackTitle "I++"]
[WhiteElo "2126"]
[BlackElo "1814"]

1. d4 Nf6 2. c4 e6 3. Nc3 Bb4 4. e3 O-O 5. Bd3 d5 6. a3 Bxc3+ 7. bxc3 dxc4 8. Bxc4
c5 9. Ne2 Qc7 10. Bd3 e5 11. dxe5 Qxe5 12. Qc2 Nc6 13. O-O Re8 14. Bb2 Qe7 15.
c4 Ne5 16. Nf4 Nxd3 17. Qxd3 Be6 18. e4 Rad8 19. Qc2 Bd7 20. f3 b5 21. e5 Bc6
22. Rfe1 Nd7 23. Nd5 Bxd5 24. cxd5 Qg5 25. Qe4 Nb6 26. f4 Qg4 27. Rad1 Nc4 28.
h3 Qg3 29. Rd3 Qh4 30. Bc3 Nxa3 31. Re2 Nc4 32. g3 Qe7 33. f5 f6 34. d6 Nxd6 35.
Rxd6 Qxd6 36. exd6 Rxe4 37. Rxe4 Rxd6 38. Re8+ Kf7 39. Rc8 Rd5 40. Rc7+ Kf8 41.
Rxc5 Rxc5 42. Bb4 a5 43. Bxc5+ Ke8 44. Kf2 Kd7 45. Ke3 b4 46. Kd4 b3 47. Ba3 Kc6
48. Kc4 a4 49. g4 Kb6 50. Kb4 Kc6 51. Kxa4 Kd5 52. Kxb3 Ke5 53. Bf8 g6 54. Bg7
1-0

[Event "Polfinal Mistrzostw Polski Kobiet"]
[Site "Karpacz"]
[Date "1899-12-30"]
[Round "1.7"]
[White "Zapalowska, Wiktoria"]
[Black "Dwilewicz, Katarzyna"]
[Result "0-1"]
[WhiteTitle "I++"]
[BlackTitle "WFM"]
[WhiteElo "1684"]
[BlackElo "2112"]

1. e4 c5 2. Nf3 e6 3. g3 Nc6 4. Bg2 Nf6 5. Qe2 e5 6. c3 Be7 7. O-O O-O 8. d3 Re8
9. Na3 Bf8 10. Bg5 h6 11. Bxf6 Qxf6 12. Nc4 d6 13. Ne3 Be6 14. Nd2 g5 15. a4 Bg7
16. Ndc4 Rad8 17. Nd5 Qg6 18. Nce3 h5 19. g4 hxg4 20. Nxg4 Bxd5 21. exd5 Ne7 22.
Ne3 f5 23. h3 Kf7 24. Bf3 Rh8 25. Kg2 Rh4 26. Rh1 Rdh8 27. Rh2 Qh7 28. Rah1 Ng6
29. Qd1 g4 30. Nxg4 fxg4 31. Bxg4 Nf4+ 32. Kf1 Qxd3+ 33. Qxd3 Nxd3 34. f3 c4 35.
Re2 Nf4 36. Rd2 Bf6 0-1

[Event "Polfinal Mistrzostw Polski Kobiet"]
[Site "Karpacz"]
[Date "1899-12-30"]
[Round "1.8"]
[White "Barchuk, Irina"]
[Black "Ejsymont, Blanka"]
[Result "1-0"]
[WhiteTitle "WFM"]
[BlackTitle "I++"]
[WhiteElo "2107"]
[BlackElo "1634"]

1. d4 Nf6 2. Bf4 d5 3. e3 c5 4. Nf3 Nc6 5. Nbd2 Bf5 6. dxc5 Qa5 7. Nd4 Nxd4 8.
exd4 Qb4 9. Be5 Nd7 10. Bd3 Nxe5 11. dxe5 Qxb2 12. O-O Bxd3 13. cxd3 Qxe5 14.
Qa4+ Kd8 15. Rab1 Qc7 16. Rb3 Qc6 17. Qa5+ Kc8 18. Rfb1 Rb8 19. Qxa7 e5 20. Rb6
Qc7 21. R6b5 h5 22. Qa4 Be7 23. Nb3 Rh6 24. Na5 Ra6 25. Rxb7 Rxb7 26. Rxb7 Qd8
27. Qb5 Bd6 28. Qxa6 Bc7 29. Rxc7+ Kxc7 30. Qb7# 1-0

[Event "Polfinal Mistrzostw Polski Kobiet"]
[Site "Karpacz"]
[Date "1899-12-30"]
[Round "2.1"]
[White "Kulon, Klaudia"]
[Black "Siekanska, Maria"]
[Result "1-0"]
[WhiteTitle "IM"]
[BlackTitle "WFM"]
[WhiteElo "2321"]
[BlackElo "2126"]

1. e4 e5 2. Nf3 Nc6 3. Bb5 a6 4. Ba4 Nf6 5. O-O Nxe4 6. d4 b5 7. Bb3 d5 8. dxe5
Be6 9. c3 Bc5 10. Nbd2 O-O 11. Bc2 Nxf2 12. Rxf2 f6 13. exf6 Bxf2+ 14. Kxf2 Qxf6
15. Nf1 Ne5 16. Be3 Rae8 17. Bd4 Bg4 18. N1d2 Qg5 19. a4 Bxf3 20. Nxf3 Nxf3 21.
gxf3 Re6 22. Kf1 Qh5 23. Kg2 Rfe8 24. Bd3 Qg5+ 25. Kf1 Qf4 26. axb5 axb5 27. Bg1
Re1+ 28. Qxe1 Qxf3+ 29. Qf2 Qxd3+ 30. Kg2 Re3 31. Ra8+ 1-0

[Event "Polfinal Mistrzostw Polski Kobiet"]
[Site "Karpacz"]
[Date "1899-12-30"]
[Round "2.2"]
[White "Kubicka, Anna"]
[Black "Barchuk, Irina"]
[Result "1-0"]
[WhiteTitle "WIM"]
[BlackTitle "WFM"]
[WhiteElo "2284"]
[BlackElo "2107"]

1. e4 c5 2. Nf3 d6 3. d4 cxd4 4. Qxd4 Nc6 5. Bb5 a6 6. Bxc6+ bxc6 7. O-O e5 8.
Qa4 Bd7 9. c4 Qc7 10. c5 d5 11. exd5 cxd5 12. Qd1 Ne7 13. Re1 f6 14. Nc3 Be6 15.
b4 a5 16. Nb5 Qb8 17. Nd6+ Kd7 18. Qa4+ Nc6 19. b5 Na7 20. b6+ Nc6 21. Rxe5 Bxd6
22. Rxe6 Kxe6 23. Qxc6 Ke7 24. cxd6+ Qxd6 25. Qb7+ Ke6 26. Nd4+ Ke5 27. Bb2 Ke4
28. Rd1 g6 29. g3 Rac8 30. f3+ Ke3 31. Qa6 Rc4 32. Bc1+ 1-0

[Event "Polfinal Mistrzostw Polski Kobiet"]
[Site "Karpacz"]
[Date "1899-12-30"]
[Round "2.3"]
[White "Trybus, Dominika"]
[Black "Waszczuk, Patrycja"]
[Result "1/2-1/2"]
[WhiteTitle "I++"]
[BlackTitle "WFM"]
[WhiteElo "1450"]
[BlackElo "2180"]

1. e4 d5 2. exd5 Qxd5 3. Nc3 Qd6 4. d4 Nf6 5. Nge2 c6 6. Bf4 Qd8 7. Qd3 g6 8. Ng3
Be6 9. h4 h5 10. Be2 Bg7 11. O-O-O Qa5 12. a3 Nbd7 13. Bd2 Nb6 14. Na2 Qd5 15.
Nb4 Qd7 16. Kb1 a5 17. Na2 O-O 18. Nc1 Rfd8 19. Bg5 a4 20. Qd2 Ng4 21. Bxg4 Bxg4
22. f3 Be6 23. c3 Nc4 24. Qe2 Ra5 25. Nd3 b6 26. Rhe1 Rb5 27. Ka1 Nxb2 28. Nxb2
Qd6 29. Nc4 Qxg3 30. Bxe7 Rd7 31. Bg5 Rb3 32. Rc1 b5 33. Ne5 Rxa3+ 34. Kb1 Bxe5
35. dxe5 Bf5+ 36. Kb2 Rb3+ 37. Ka2 Rd3 38. Red1 Rxd1 39. Rxd1 Rxc3 40. Rd8+ Kh7
41. Bf6 Be6+ 42. Kb2 Rb3+ 43. Ka1 Ra3+ 44. Kb1 Rb3+ 45. Ka1 Ra3+ 46. Kb1 Rb3+
47. Ka1 Ra3+ 1/2-1/2

[Event "Polfinal Mistrzostw Polski Kobiet"]
[Site "Karpacz"]
[Date "1899-12-30"]
[Round "2.4"]
[White "Dwilewicz, Katarzyna"]
[Black "Sliwicka, Alicja"]
[Result "1-0"]
[WhiteTitle "WFM"]
[BlackTitle "WIM"]
[WhiteElo "2112"]
[BlackElo "2306"]

1. e4 c5 2. Nf3 Nc6 3. d4 cxd4 4. Nxd4 Nf6 5. Nc3 d6 6. Bg5 e6 7. Qd2 a6 8. O-O-O
Bd7 9. f3 Nxd4 10. Qxd4 Be7 11. Kb1 Qc7 12. g4 h5 13. gxh5 Nxh5 14. Bxe7 Kxe7
15. e5 dxe5 16. Qb4+ Ke8 17. Ne4 Bc6 18. Nd6+ Kf8 19. Nf5+ Kg8 20. Ne7+ Kh7 21.
Bd3+ g6 22. Nxc6 bxc6 23. Qc5 Nf6 24. Rhe1 Kg7 25. Qxe5 Qb6 26. Bxg6 Qb5 27. Qc3
Rh6 28. Bd3 Qb6 29. Qe5 Rb8 30. b3 Kh8 31. Qf4 Ng8 32. Qg4 1-0

[Event "Polfinal Mistrzostw Polski Kobiet"]
[Site "Karpacz"]
[Date "1899-12-30"]
[Round "2.6"]
[White "Jarocka, Liwia"]
[Black "Dmochowska, Agnieszka"]
[Result "1-0"]
[WhiteTitle "FM"]
[BlackTitle "WFM"]
[WhiteElo "2169"]
[BlackElo "2039"]

1. e4 c5 2. Nf3 Nc6 3. Bb5 Nf6 4. Nc3 Qc7 5. O-O Nd4 6. Re1 e5 7. Bc4 Be7 8. d3
O-O 9. Bg5 d6 10. Bxf6 Bxf6 11. Nd5 Qd8 12. Nxd4 cxd4 13. c3 dxc3 14. bxc3 Be6
15. Qb3 b6 16. a4 Rb8 17. Qa3 Bg5 18. Rab1 g6 19. Rb2 Kg7 20. Reb1 Bxd5 21. Bxd5
Qc7 22. a5 Bd8 23. axb6 Rxb6 24. Rxb6 axb6 25. Rb4 Qc5 26. Qb2 h5 27. Rc4 Qa5
28. Rc6 Be7 29. Rxb6 Rc8 30. Rb3 Rc7 31. g3 Ra7 32. Kg2 Qa6 33. Qe2 Rc7 34. Qf3
Bf6 35. Bc4 Qa5 36. h4 Qa4 37. Rb6 Qd7 38. Ra6 Rb7 39. Qe3 Rc7 40. Ra8 Rc8 41.
Ra7 Rc7 42. Ra6 Be7 43. Ra2 Bf6 44. Qf3 Qc8 45. Qd1 Qd7 46. Qa1 Qc6 47. Ra8 Qd7
48. Ra6 Be7 49. Qa5 Rc5 50. Qb6 Qc7 51. Qb3 Bf6 52. Ra8 Rc6 53. Rb8 Qe7 54. Qb5
Rc5 55. Qa4 Rc7 56. Qa5 Rb7 57. Rc8 Ra7 58. Qb5 Rb7 59. Qd5 Rc7 60. Rb8 Rc5 61.
Qa8 Rc7 62. Rg8+ Kh7 63. Rf8 Ra7 64. Qxa7 Qxa7 65. Rxf7+ Qxf7 66. Bxf7 Kg7 67.
Be8 Bd8 68. d4 exd4 69. cxd4 Bb6 70. d5 Kf6 71. f4 Ba5 72. Kf2 Bb6+ 73. Kf3 Ba5
74. Ke2 Bc3 75. Kf2 Bd4+ 76. Kf3 Bc3 77. f5 gxf5 78. Bxh5 Be1 79. exf5 Kxf5 80.
Be8 Ke5 81. Bc6 Kf6 82. Kg4 Kg6 83. Bd7 Kf6 84. Be6 Bf2 85. Kh3 Kg6 86. g4 Bd4
87. g5 Kg7 88. Kg4 Bc3 89. h5 Kh7 90. Bf5+ Kh8 91. h6 Bd2 92. Kh5 Bc3 93. g6 Kg8
94. Be6+ Kh8 95. Kg4 Bd4 96. Kf3 Be5 97. Ke4 Bc3 98. Kd3 Bd4 99. Kc4 Be5 100.
Kb5 Bf4 101. g7+ 1-0

[Event "Polfinal Mistrzostw Polski Kobiet"]
[Site "Karpacz"]
[Date "1899-12-30"]
[Round "2.7"]
[White "Stochnialek, Dominika"]
[Black "Salamon, Julia"]
[Result "0-1"]
[WhiteTitle "I++"]
[BlackTitle "k"]
[WhiteElo "1814"]
[BlackElo "1907"]

1. e4 c5 2. Nf3 e6 3. c3 Nf6 4. e5 Nd5 5. d4 cxd4 6. cxd4 d6 7. a3 Nc6 8. Bd3 Be7
9. O-O O-O 10. Re1 h6 11. Nc3 dxe5 12. dxe5 Nxc3 13. bxc3 Bc5 14. Qe2 f5 15. exf6
Qxf6 16. Bb2 Bd7 17. Rad1 Rae8 18. Qe4 Qf5 19. Qc4 Qh5 20. Be4 Na5 21. Qd3 Bc6
22. Bh7+ Kh8 23. Re5 Qg4 24. h3 Qc4 25. Bg6 Re7 26. Bc1 Rd7 27. Nd4 Bxd4 28. cxd4
Qxd3 29. Rxd3 Bd5 30. Rc3 Nc4 31. Re1 Rf6 32. Bd3 b5 33. Be3 a6 34. Rb1 Rf8 35.
a4 Nxe3 36. fxe3 bxa4 37. Bxa6 Ra7 38. Bd3 a3 39. Ra1 a2 40. e4 Bb7 41. Rc2 Rd8
42. Rc4 Ra3 43. Rb4 Rxd3 44. Rxb7 Rd2 45. Ra7 R8xd4 46. R7xa2 Rxa2 47. Rxa2 Rxe4
48. Kf2 Kh7 49. Kf3 Re1 50. Ra6 Kg6 51. Rb6 Kf5 52. Rb5+ Re5 53. Rb7 g6 54. h4
Kf6 55. g3 Ra5 56. Rb3 h5 57. Rc3 Kf5 58. Rb3 e5 59. Re3 Rd5 60. Kg2 e4 61. Kh3
Rd3 62. Re1 e3 63. Rf1+ Ke5 64. Kg2 Kd4 65. Kf3 Rd2 66. g4 hxg4+ 67. Kxg4 e2 68.
Re1 Ke3 69. Kg5 Rd6 0-1

[Event "Polfinal Mistrzostw Polski Kobiet"]
[Site "Karpacz"]
[Date "1899-12-30"]
[Round "2.8"]
[White "Smietanska, Wiktoria"]
[Black "Zapalowska, Wiktoria"]
[Result "1/2-1/2"]
[WhiteTitle "CM"]
[BlackTitle "I++"]
[WhiteElo "1901"]
[BlackElo "1684"]

1. c4 e6 2. Nf3 d5 3. g3 dxc4 4. Qa4+ Nd7 5. Qxc4 a6 6. Bg2 b5 7. Qc2 Bb7 8. O-O
c5 9. a4 Ngf6 10. b3 Be7 11. Bb2 O-O 12. d3 Qb6 13. Nc3 Rfc8 14. Ra2 Nd5 15. Nxd5
Bxd5 16. Nd2 Bxg2 17. Kxg2 Qc6+ 18. Kg1 Nb6 19. Ne4 Nd5 20. Raa1 f5 21. Nd2 Bf6
22. Bxf6 Nxf6 23. Rfc1 Rab8 24. axb5 axb5 25. Nf3 Qd5 26. Qc3 Nd7 27. Ra7 Ra8
28. Rca1 Rxa7 29. Rxa7 Ra8 30. Rxa8+ Qxa8 31. d4 Qc6 32. Qa5 h6 33. Qd8+ Kh7 34.
dxc5 Nxc5 35. Nd4 Qe4 36. Qd6 Nxb3 37. Nxe6 Qb1+ 38. Kg2 Qe4+ 39. Kg1 Qb1+ 40.
Kg2 Qe4+ 41. Kg1 Qb1+ 1/2-1/2

[Event "Polfinal Mistrzostw Polski Kobiet"]
[Site "Karpacz"]
[Date "1899-12-30"]
[Round "3.1"]
[White "Dwilewicz, Katarzyna"]
[Black "Kulon, Klaudia"]
[Result "1/2-1/2"]
[WhiteTitle "WFM"]
[BlackTitle "IM"]
[WhiteElo "2112"]
[BlackElo "2321"]

1. e4 c5 2. Nf3 Nc6 3. d4 cxd4 4. Nxd4 Nf6 5. Nc3 d6 6. Bg5 e6 7. Qd2 a6 8. O-O-O
Bd7 9. f3 Nxd4 10. Qxd4 Be7 11. Kb1 Qc7 12. Qd2 b5 13. h4 b4 14. Ne2 a5 15. c4
bxc3 16. Nxc3 Rb8 17. a4 h6 18. Be3 O-O 19. Nb5 Bxb5 20. Bxb5 d5 21. Rc1 Qd8 22.
e5 Nd7 23. f4 Bb4 24. Qe2 Nb6 25. Bd4 Nc4 26. Bc3 Rxb5 27. axb5 Qe7 28. f5 exf5
29. Rhd1 Qc5 30. Qd3 Bxc3 31. Rxc3 Qxb5 32. Rb3 Qa4 33. Rb7 Rd8 34. Qb3 Qe8 35.
e6 Qxe6 36. Rb8 Qe4+ 37. Ka2 Rxb8 38. Qxb8+ Kh7 39. Qb5 Ne3 40. Rd2 a4 41. g3
a3 42. b3 d4 43. Qd3 Qxd3 44. Rxd3 Nc2 45. Rd2 d3 46. b4 Nxb4+ 47. Kxa3 Nd5 48.
Rxd3 Nf6 49. Rf3 Kg6 50. Kb3 Ng4 51. Kc3 Ne5 52. Rf4 Kf6 53. Ra4 Kg6 54. Ra5 f6
55. Ra7 h5 56. Ra4 Nf7 57. Kd2 Kh6 58. Ra6 Ne5 59. Ke3 Ng6 60. Ra8 f4+ 61. Kf3
fxg3 62. Kxg3 Ne7 63. Ra5 g5 64. hxg5+ fxg5 65. Ra6+ Ng6 66. Ra4 Kg7 67. Kf3 Kf6
68. Ra5 h4 69. Ke4 Ne7 70. Ra6+ Kf7 71. Kf3 h3 72. Kg3 Ng8 73. Kxh3 Nf6 74. Kg3
Kg6 75. Rb6 Kf5 76. Rb5+ Kg6 77. Kf3 Kh5 78. Rf5 Kg6 79. Ra5 1/2-1/2

[Event "Polfinal Mistrzostw Polski Kobiet"]
[Site "Karpacz"]
[Date "1899-12-30"]
[Round "3.2"]
[White "Waszczuk, Patrycja"]
[Black "Kubicka, Anna"]
[Result "0-1"]
[WhiteTitle "WFM"]
[BlackTitle "WIM"]
[WhiteElo "2180"]
[BlackElo "2284"]

1. c4 g6 2. Nc3 c5 3. g3 Bg7 4. Bg2 Nc6 5. e3 e6 6. Nge2 Nge7 7. O-O O-O 8. d4
cxd4 9. exd4 d5 10. cxd5 Nxd5 11. Nxd5 exd5 12. Be3 Bg4 13. f3 Bf5 14. Qd2 Re8
15. Bf2 Qb6 16. g4 Qb4 17. Qxb4 Nxb4 18. Nc3 Bd3 19. Rfe1 Ba6 20. Rxe8+ Rxe8 21.
Bf1 Bxf1 22. Kxf1 Nd3 23. Bg1 Nxb2 24. Rb1 Nd3 25. Nxd5 b6 26. Rd1 Nb2 27. Rc1
Nd3 28. Rd1 Nb2 29. Rc1 b5 30. Rb1 Nc4 31. Rxb5 Nd2+ 32. Kg2 Re2+ 33. Kg3 Nf1+
34. Kf4 Bf8 35. Nf6+ Kg7 36. Ne4 h6 37. d5 g5+ 38. Kf5 Ne3+ 39. Bxe3 Rxe3 40.
Rb3 Re2 41. a3 Re1 42. Rd3 Rb1 43. Ke5 Rb5 44. Kd4 Rb6 45. Kc4 Be7 46. d6 Bd8
47. Rb3 Rc6+ 48. Kd5 Rc1 49. Rc3 Rd1+ 50. Kc6 Bb6 51. Kd7 Rd5 52. Rc6 Rd3 53.
Ke8 Rxf3 54. Rxb6 axb6 55. Ng3 Re3+ 56. Kd7 Rxa3 57. Kc6 Rd3 58. Nf5+ Kf6 59.
d7 Ke6 60. Ng7+ Ke7 61. Nf5+ Kd8 62. Nxh6 Rxd7 63. Nf5 Rd2 64. Nd6 Rxd6+ 65. Kxd6
b5 66. Kc5 Kd7 67. Kxb5 Kd6 68. Kc4 Ke5 69. Kd3 Kf4 70. Ke2 Kxg4 0-1

[Event "Polfinal Mistrzostw Polski Kobiet"]
[Site "Karpacz"]
[Date "1899-12-30"]
[Round "3.4"]
[White "Siekanska, Maria"]
[Black "Zabrzanska, Weronika"]
[Result "1/2-1/2"]
[WhiteTitle "WFM"]
[BlackTitle "WFM"]
[WhiteElo "2126"]
[BlackElo "1976"]

1. d4 Nf6 2. c4 e6 3. g3 Bb4+ 4. Nd2 d5 5. Bg2 O-O 6. a3 Bxd2+ 7. Bxd2 dxc4 8.
Nf3 c6 9. a4 Ne4 10. O-O b6 11. Bb4 Nd6 12. Ne5 Bb7 13. Rc1 Na6 14. Bxd6 Qxd6
15. Rxc4 Rac8 16. Qd2 Rfd8 17. Qf4 f6 18. Nd3 Nb8 19. b4 Qxf4 20. Nxf4 Kf7 21.
Bh3 Rd6 22. Rfc1 Rcd8 23. b5 Rxd4 24. Rxd4 Rxd4 25. Nxe6 Rd6 26. Nf4 c5 27. a5
g5 28. Nd3 Be4 29. axb6 axb6 30. Ra1 c4 31. Nb4 c3 32. Rc1 Rd4 33. f3 Rxb4 34.
fxe4 Rxb5 35. Rxc3 Rc5 36. Rd3 Nc6 37. Rd7+ Ne7 38. Rb7 Rc1+ 39. Kf2 Rb1 40. Bf5
h6 41. e5 Rb5 42. e6+ Kf8 43. Bd3 Rc5 44. Rxb6 Rc6 45. Rxc6 Nxc6 46. Bc4 Ke7 47.
h4 1/2-1/2

[Event "Polfinal Mistrzostw Polski Kobiet"]
[Site "Karpacz"]
[Date "1899-12-30"]
[Round "3.5"]
[White "Ejsymont, Blanka"]
[Black "Salamon, Julia"]
[Result "1-0"]
[WhiteTitle "I++"]
[BlackTitle "k"]
[WhiteElo "1634"]
[BlackElo "1907"]

1. e4 c5 2. Nf3 e6 3. d4 cxd4 4. Nxd4 Nf6 5. Nc3 Nc6 6. Ndb5 Bb4 7. Bf4 Nxe4 8.
Qf3 d5 9. Nc7+ Kf8 10. O-O-O Nxc3 11. bxc3 Ba3+ 12. Kb1 e5 13. Nxa8 exf4 14. Rxd5
Qe7 15. Bb5 Be6 16. Rd2 g5 17. h4 Qc5 18. Nc7 Qb6 19. Nxe6+ fxe6 20. c4 Qc5 21.
Rhd1 Ne5 22. Rd8+ Ke7 23. Qxb7+ Kf6 24. hxg5+ Kf5 25. Ba6 Rxd8 26. Rxd8 Qxf2 27.
Qxh7+ Ng6 28. Qh3+ Kxg5 29. Rd1 Qb6+ 30. Bb5 Qc5 31. Rh1 Qb4+ 32. Qb3 Qxb3+ 33.
axb3 Nh4 34. Bc6 e5 35. Be4 Nf5 36. Rh8 Ng3 37. Bd5 e4 38. Re8 e3 39. Bf3 Nf1
40. Ka2 Bb4 41. Kb2 Nd2 42. Be2 a5 43. c3 Bd6 44. c5 Bc7 45. c6 Kf6 46. Rc8 Bd6
47. c7 Ke7 48. Re8+ 1-0

[Event "Polfinal Mistrzostw Polski Kobiet"]
[Site "Karpacz"]
[Date "1899-12-30"]
[Round "3.6"]
[White "Barchuk, Irina"]
[Black "Smietanska, Wiktoria"]
[Result "0-1"]
[WhiteTitle "WFM"]
[BlackTitle "CM"]
[WhiteElo "2107"]
[BlackElo "1901"]

1. e4 c5 2. Nc3 Nc6 3. Bb5 Nd4 4. Bc4 e6 5. Nge2 Ne7 6. O-O Nec6 7. d3 Be7 8. f4
Rb8 9. Nb5 Nxe2+ 10. Qxe2 a6 11. Nc3 b5 12. Bb3 O-O 13. Qf2 b4 14. Ne2 Na5 15.
Be3 Qc7 16. Ng3 c4 17. dxc4 Nxc4 18. Bd4 Bb7 19. Bxg7 Kxg7 20. Qd4+ Kg8 21. Qxc4
Qxc4 22. Bxc4 Rfc8 23. Bd3 Bc5+ 24. Kh1 Bd4 25. Rab1 Kf8 26. e5 Ke7 27. Ne4 Rg8
28. Rf3 Bd5 29. b3 Rg7 30. Rh3 Rbg8 31. Ng5 Bxe5 32. Bxh7 Bxf4 33. Nf3 Rh8 34.
Bf5 Rxh3 35. Bxh3 f5 36. Re1 Be4 37. Re2 Rh7 38. Rf2 Bb7 39. Rf1 Bc7 40. Rf2 Bb6
41. Rf1 Rh5 42. Ng1 Be4 43. Rc1 d5 44. c4 Be3 45. Re1 d4 46. Rf1 d3 47. Nf3 d2
48. Ng1 0-1

[Event "Polfinal Mistrzostw Polski Kobiet"]
[Site "Karpacz"]
[Date "1899-12-30"]
[Round "3.7"]
[White "Sliwicka, Alicja"]
[Black "Matskevich, Varvara"]
[Result "1-0"]
[WhiteTitle "WIM"]
[BlackTitle "I++"]
[WhiteElo "2306"]
[BlackElo "1864"]

1. e4 c5 2. Nf3 d6 3. d4 cxd4 4. Nxd4 Nf6 5. Nc3 a6 6. h3 e5 7. Nb3 Be6 8. f4 b5
9. fxe5 dxe5 10. Qxd8+ Kxd8 11. Bg5 Nbd7 12. O-O-O Kc7 13. Be2 Be7 14. Bf3 Rhb8
15. Kb1 a5 16. Nd5+ Bxd5 17. exd5 Bd6 18. Nd2 Ng8 19. g4 f6 20. Bh4 Ne7 21. Be4
Nc5 22. Bg2 Kd7 23. Bf2 Na6 24. c4 Nc8 25. Rc1 bxc4 26. Nxc4 Rb5 27. Be4 g6 28.
Bc2 Rb4 29. Nxa5 Nc7 30. Nb3 Nxd5 31. Rhd1 Ke6 32. Bc5 Rba4 33. Bd3 Rxa2 34. Bc4
Nce7 35. Rxd5 Nxd5 36. Rd1 Ke7 37. Bxd5 R8a4 38. Bc6 Bxc5 39. Rd7+ Kf8 40. Bxa4
Rxa4 41. Nxc5 Rc4 42. Rc7 Ke8 43. b3 Rc3 44. b4 Rc4 45. Na6 Rxc7 46. Nxc7+ Kd7
47. Nd5 Ke6 48. Nc3 f5 49. g5 e4 50. b5 Kd6 51. Kc2 Kc5 52. Kd2 Kb6 53. Ke3 Kc5
54. h4 Kb6 55. Kd4 Kc7 56. Nd5+ Kb7 57. Nf6 Kb6 58. Nxh7 Kxb5 59. Nf8 Kb4 60.
Nxg6 Kb3 61. h5 Kc2 62. Ke3 1-0

[Event "Polfinal Mistrzostw Polski Kobiet"]
[Site "Karpacz"]
[Date "1899-12-30"]
[Round "3.8"]
[White "Zapalowska, Wiktoria"]
[Black "Stochnialek, Dominika"]
[Result "0-1"]
[WhiteTitle "I++"]
[BlackTitle "I++"]
[WhiteElo "1684"]
[BlackElo "1814"]

1. e4 e6 2. d4 d5 3. Nd2 c5 4. Ngf3 Nf6 5. exd5 exd5 6. Bb5+ Bd7 7. Bxd7+ Nbxd7
8. O-O Be7 9. dxc5 Nxc5 10. Nb3 Nce4 11. Be3 O-O 12. h3 a6 13. Re1 Rc8 14. Qd3
Qd7 15. c3 Rfd8 16. Bb6 Re8 17. a4 Bd8 18. Bxd8 Rcxd8 19. Qd4 Qc7 20. Rad1 h6
21. Nfd2 Nd6 22. Qb4 b6 23. Nd4 Nc4 24. Nxc4 dxc4 25. Nf3 Rxe1+ 26. Rxe1 Nd5 27.
Qa3 Nf4 28. Qe7 Qxe7 29. Rxe7 Nd3 30. Ra7 a5 31. Rc7 Nxb2 32. Rc6 Nxa4 33. Rxc4
b5 34. Rc7 Rd1+ 35. Kh2 Rc1 36. Ra7 Nxc3 37. Rxa5 b4 38. Ra8+ Kh7 39. Rb8 Na2
40. Nd4 Rb1 41. Kg3 Nc1 42. Rb7 b3 43. Rxf7 b2 44. Rb7 Nd3 45. Nc2 Rc1 0-1